| 000 | 01275cam a22003615i 4500 | ||
|---|---|---|---|
| 001 | 12323755 | ||
| 003 | EG-ScBUE | ||
| 005 | 20230130102035.0 | ||
| 008 | 140213r20172014enka f 001 0 eng d | ||
| 020 | _a9781780673356 | ||
| 020 | _a1780673353 | ||
| 040 |
_aSITPL _beng _erda _cSITPL _dBTCTA _dBDX _dUKMGB _dCDX _dYDXCP _dYNK _dUMR _dZQP _dOCLCO _dOQX _dOCLCF _dJYJ _dEG-ScBUE |
||
| 082 | 0 | 4 |
_bCAR _a770 _222 |
| 100 | 1 |
_aCarroll, Henry, _eauthor. |
|
| 245 | 1 | 0 |
_aRead this if you want to take great photographs / _cHenry Carroll. |
| 250 | _aReprint edition. | ||
| 264 | 1 |
_aLondon : _bLaurence King Publishing Ltd., _c2017. |
|
| 300 |
_a128 pages : _billustrations ; _c20 cm |
||
| 336 |
_2rdacontent _atext _btxt |
||
| 337 |
_2rdamedia _aunmediated _bn |
||
| 338 |
_2rdacarrier _avolume _bnc |
||
| 500 | _aIncludes index. | ||
| 500 | _aReprinted of the 2014 edition. | ||
| 505 | 0 | _aComposition -- Exposure -- Light -- Lenses -- Seeing. | |
| 590 | _aBEIN Friedlander 478: Paperbound. From the Lee Friedlander Papers. | ||
| 650 | 7 |
_aPhotography _xDigital techniques. _2BUEsh _937027 |
|
| 650 | 7 |
_aComposition (Photography) _2BUEsh |
|
| 650 | 7 |
_aPhotography _xExposure. _2BUEsh |
|
| 651 | _2BUEsh | ||
| 653 |
_bCOMAME _cFebruary2017 |
||
| 655 | _vReading book | ||
| 942 |
_2ddc _cBB |
||
| 999 |
_c24112 _d24084 |
||